[Event "Marseille op 2nd "]
[Site "Marseille"]
[Date "2009.12.27"]
[Round "3"]
[White "Capocci, Carlos"]
[Black "Belkhir, Walid"]
[Result "0-1"]
[WhiteElo "1750"]
[BlackElo "1499"]
[PlyCount "70"]
[EventDate "2009.12.26"]
[EventType "swiss"]
[EventRounds "9"]
[EventCountry "FRA"]
[SourceTitle "CBM 134 Extra"]
[Source "ChessBase"]
[SourceDate "2010.03.03"]
[SourceVersion "1"]
[SourceVersionDate "2010.03.03"]
[SourceQuality "1"]

1. e4 g6 2. d4 d6 3. Be3 Nf6 4. f3 Bg7 5. Nc3 0-0 6. Qd2 Nbd7 7. 0-0-0 c6 8. e5 Ne8 9. f4 b5 10. Nf3 Qa5 11. Kb1 b4 12. Ne4 Nb6 13. f5 Bxf5 14. Ng3 Be6 15. a3 Nd5 16. Bh6 Nc3+ 17. Kc1 bxa3 18. b3 a2 19. Kb2 Nxd1+ 20. Qxd1 Bxh6 21. Ka1 Rb8 22. Bd3 Nc7 23. Nh4 Qc3+ 24. Kxa2 Rb4 25. Ka3 Rxd4 26. Nhf5 Nb5+ 27. Bxb5 Rxd1 28. Nxh6+ Kg7 29. Rxd1 cxb5 30. Nhf5+ gxf5 31. exd6 exd6 32. Rd3 Qa1+ 33. Kb4 a5+ 34. Kxb5 Qe5+ 35. Ka4 Bd7+ 0-1